000 01507nam a2200385 c 4500
003 BLK
005 20250416104011.0
008 180408b bul|||||r ||||||| ||bul||
010 _aKNG00057924000
040 _aBLK
041 _aBUL
_cBUL
080 _aБългарска литература
_b821.163.2
_x-93-34
_z821.163.2-93-34
100 1 _aСтубел, Йордан
_eпърви автор
_gБакалов, Йордан Иванов
_9126576
700 1 _aМаша
_eил.
_gИгнатова, Мариела
_9285327
700 1 _aИгнатова, Мариела
_e*
_9285328
139 _aСтубел, Йордан
_bС 88
245 1 0 _aНебивалица
_cЙордан Стубел; ил. Маша; * Мариела Игнатова.
245 1 0 _aЛудориите на Писана
_b
_c
245 1 0 _aРазболя се Жаба кекерица
_bПриказки
_c
257 _aBGR
260 Русе
_bПарнас
_c2005
_fРусе : Дунав прес
300 _a16 с.
_bс цв. ил.
_c28 см
380 _aDX
490 1 _aПоредица Весели приказки в картинки
_v3
500 _aОфс. изд.
653 _aприказки
653 _aлитература за деца
653 _aдетска литература
852 _aЦб ІІ 13559
856 4 _qpdf
_u
856 4 _qpdf
_u
942 _cKNG
_n0
_016
944 _aCR
_c27.01.2006
_lБояна Костадинова
_k30551
944 _aED
_c27.07.2010
_lф /
_k
999 _c53982
_d53982